| 000 | 01175cam a2200337 a 4500 | ||
|---|---|---|---|
| 001 | 13751117 | ||
| 005 | 20170105102842.0 | ||
| 008 | 030707s2004 at b 001 0 eng d | ||
| 010 | _a 2004463460 | ||
| 020 | _a086840702X (pbk.) | ||
| 035 | _a(OCoLC)ocm53902658 | ||
| 040 |
_aYQU _cYQU _dTJC _dDLC |
||
| 042 | _alccopycat | ||
| 043 | _au-at--- | ||
| 050 | 0 | 0 |
_aHV6433.A8 _bH625 2004 |
| 082 | 0 | 0 |
_a363.32 _222 |
| 100 | 1 | _aHocking, Jenny. | |
| 245 | 1 | 0 |
_aTerror laws : _bASIO, counter-terrorism and the threat to democracy / _cJenny Hocking. |
| 260 |
_aSydney, NSW, Australia : _bUNSW Press, _c2004. |
||
| 300 |
_axii, 288 p. ; _c24 cm. |
||
| 504 | _aIncludes bibliographical references (p. [258]-279) and index. | ||
| 610 | 2 | 0 | _aAustralian Security Intelligence Organization. |
| 650 | 0 |
_aTerrorism _zAustralia _xPrevention. |
|
| 650 | 0 |
_aTerrorism _xGovernment policy _zAustralia. |
|
| 650 | 0 |
_aInternal security _zAustralia. |
|
| 650 | 0 |
_aCivil rights _zAustralia. |
|
| 650 | 0 | _aWar on Terrorism, 2001-2009. | |
| 906 |
_a7 _bcbc _ccopycat _d2 _encip _f20 _gy-gencatlg |
||
| 942 |
_2ddc _cBK |
||
| 999 |
_c13923 _d13923 |
||